000 00795nam a22001577a 4500
003 OSt
005 20151005142816.0
008 151005b xxu||||| |||| 00| 0 eng d
040 _cRUA
082 _aAVM MAO 2005 B075 Or.1
100 _92044
_aMAO LEAKHENA
245 _aEffect of addition of ensiled cassava leaves on performance of growing pigs at animal sttion of rua, (ឥទ្ធពលនៃការបន្ថែមស្លឹកដំឡូងមីផ្អាប់ទៅលើការលូតលាស់របស់ជ្រូកសាច់ នៅស្ថានីយ៍ចិញ្ចឹមសត្វ នៃសាកលវិទ្យាល័យភូមិន្ទកសិកម្ម)
260 _aphnom penh
_bRUA
_c2005
300 _aix, 34p.
942 _2ddc
_cAVM
999 _c1930
_d1930